Reflexiones en Ritoque: microtextos para la gestión cultural local
Saved in:
| Hovedforfatter: | |
|---|---|
| Format: | Bog |
| Sprog: | spansk |
| Udgivet: |
Valparaíso
Universidad de Playa Ancha
2019
|
| Udgivelse: | 1a. ed |
| Fag: | |
| Tags: |
Tilføj Tag
Ingen Tags, Vær først til at tagge denne postø!
|
MARC
| LEADER | 00000cam a2200000 a 4500 | ||
|---|---|---|---|
| 001 | UCC8646 | ||
| 003 | CL-VaPUC | ||
| 008 | 190802e20190000cl |||||||||||||||||spa|d | ||
| 020 | |a 9789562961929 | ||
| 082 | 0 | 4 | |a Ch864 |b SAN |2 21 |
| 100 | 0 | |a San Martín Gormaz, Luciano |e author |9 603350 | |
| 245 | 1 | 0 | |a Reflexiones en Ritoque: microtextos para la gestión cultural local |
| 250 | |a 1a. ed | ||
| 300 | |a 105 p | ||
| 942 | |c BK | ||
| 945 | |d 20190802 10:24:00 |a dcastane | ||
| 260 | |a Valparaíso |b Universidad de Playa Ancha |c 2019 | ||
| 650 | 0 | |a Ensayos chilenos |9 269132 | |
| 650 | 0 | |a Gestión cultural |9 521696 | |
| 650 | 0 | |a Identidad cultural |9 319131 | |
| 583 | |a last modification |c 20190802 10:24:00 |k Rodrigo Vera | ||
| 999 | |c 374915 |d 374913 | ||
| 952 | |0 0 |1 0 |3 erb |4 0 |6 CH_864_000000000000000_SAN_2019 |7 0 |8 C |9 493686 |a BIBCUR |b BIBCUR |i 5594189 |o Ch864 SAN 2019 |p 5594189 |r 2025-04-22 |w 2019-11-24 |y BK |z Catalogado en:20190802 |k CAC | ||